Vrai ou faux - spécial fan d'Harry Potter - Statistiques

Statistiques générales
  • Ce quiz a été pris 113 fois
  • Le résultat moyen est 12 sur 15
Statistiques - réponses
Question Réponse % Correct
Qui est Fumseck Le phénix de Dumbledore
93%
Qui a été professeur de potion parmi celà ? Horace Slugorn
90%
Avec qui Bill se marient-ils ? Fleur Delacour
85%
Quels personnages ont créé la carte du marauder ? James, Remus, Sirius, Peter
85%
Quel est le prénom de la créatrice de Poufsoufle ? Helga
82%
Qui deviendra professeur de botanique ? Neville
82%
Quel objet n'est pas un horcrux ? Épée de Gryffondor
81%
Dumbledore a ... Un frère et une sœur
78%
Comment s'appelle les parents de Neville Londubat ? Alice et Franck
77%
Qui a été enfermé à Azkaban ? Rubeus Hagrid
76%
Quel personnage existe que dans les livres ? Winki
75%
Quel tableau remplace la Grosse Dame dans le prisonnier d'Azkaban ? Le chevalier du Catogan
74%
Même question que la 5 Charlie Weasley
69%
Quel personnage ne survit pas ? Fred Weasley
69%
Qui n'a pas été préfet de Gryffondor (dans les livres) ? Harry
66%
Aucun quiz correspondant
Distribution des résultats
% des personnes avec chaque résultat
Percentile par nombre de réponses
Votre historique - résultats
Vous n’avez pas pris ce quiz